[Event "Stari Banovci Vidovdan op"]
[Site "Stari Banovci"]
[Date "2017.06.30"]
[Round "3"]
[White "Ivkovic, Dragan B"]
[Black "Stankovic, Marija"]
[Result "1-0"]
[WhiteElo "2039"]
[BlackElo "1567"]
[PlyCount "67"]
[EventDate "2017.06.28"]
[EventType "swiss"]
[EventRounds "9"]
[EventCountry "SRB"]
[SourceTitle "EXT 2018"]
[Source "ChessBase"]
[SourceDate "2017.10.13"]
[SourceVersion "1"]
[SourceVersionDate "2017.10.13"]
[SourceQuality "1"]

1. e4 e5 2. Nf3 Nc6 3. Bb5 a6 4. Bxc6 dxc6 5. 0-0 f6 6. h3 Bc5 7. c3 Bb6 8. d4 Qd6 9. Be3 Qe7 10. Nbd2 Bd7 11. Nc4 exd4 12. Nxb6 cxb6 13. Qxd4 c5 14. Qc4 Bb5 15. Qb3 Bxf1 16. Rxf1 b5 17. Qd5 Rc8 18. Re1 Qd7 19. Bxc5 Ne7 20. Bxe7 Qxe7 21. e5 Rc5 22. Qd4 fxe5 23. Nxe5 Rc6 24. Nf3 Re6 25. Rxe6 Qxe6 26. Qxg7 Rg8 27. Qxb7 Qxa2 28. Qxh7 Qd5 29. Qa7 Qd1+ 30. Kh2 Qd6+ 31. g3 Qd5 32. Nd4 Qa2 33. Nf5 Qxb2 34. Qe7# 1-0

[Event "Stari Banovci Vidovdan op"]
[Site "Stari Banovci"]
[Date "2016.07.02"]
[Round "6"]
[White "Vukovic, Ilija"]
[Black "Stankovic, Marija"]
[Result "1-0"]
[WhiteElo "1740"]
[BlackElo "1628"]
[PlyCount "49"]
[EventDate "2016.06.28"]
[EventType "swiss"]
[EventRounds "9"]
[EventCountry "SRB"]
[SourceTitle "CBM 173 Extra"]
[Source "ChessBase"]
[SourceDate "2016.08.29"]
[SourceVersion "1"]
[SourceVersionDate "2016.08.29"]
[SourceQuality "1"]

1. f4 Nc6 2. Nf3 Nf6 3. e3 d6 4. d4 a6 5. Be2 e6 6. 0-0 Be7 7. c4 0-0 8. Nc3 Re8 9. e4 d5 10. cxd5 exd5 11. e5 Ng4 12. h3 Nh6 13. g4 Kh8 14. f5 Ng8 15. Qb3 h6 16. Be3 Qd7 17. Qxd5 Qxd5 18. Nxd5 Bd8 19. Nc3 Nb4 20. Rac1 c6 21. Bc4 Nd5 22. Nxd5 cxd5 23. Bxd5 Re7 24. Bf2 g5 25. h4 1-0

[Event "YUG-ch (Women)"]
[Site "Budva"]
[Date "2002.??.??"]
[Round "?"]
[White "Stankovic, Marija"]
[Black "Laketic, Milica"]
[Result "1/2-1/2"]
[WhiteElo "2277"]
[BlackElo "2133"]
[PlyCount "64"]
[EventDate "2002.08.??"]
[EventType "team-tourn"]
[EventRounds "9"]
[EventCountry "YUG"]
[SourceTitle "EXT 2003"]
[Source "ChessBase"]
[SourceDate "2002.11.25"]
[SourceVersion "1"]
[SourceVersionDate "2002.11.25"]
[SourceQuality "1"]

1. e4 c5 2. Nf3 d6 3. d4 cxd4 4. Nxd4 Nf6 5. Nc3 a6 6. f3 e5 7. Nb3 Be6 8. Be3 Be7 9. Qd2 Qc7 10. g4 h6 11. 0-0-0 b5 12. h4 Nbd7 13. Qg2 b4 14. Nd5 Bxd5 15. exd5 Nb6 16. f4 Nfd7 17. g5 a5 18. fxe5 Nxe5 19. Bb5+ Nbd7 20. Ba4 h5 21. Nd4 0-0 22. g6 Ng4 23. gxf7+ Rxf7 24. Ne6 Qc8 25. Bxd7 Qxd7 26. Bd4 Bf6 27. Qe4 Bxd4 28. Qxd4 Nf2 29. Nxg7 Rxg7 30. Qxf2 Rf8 31. Qb6 Qa4 32. Rdg1 Rg4 1/2-1/2

[Event "YUG-ch (Women)"]
[Site "Budva"]
[Date "2002.??.??"]
[Round "?"]
[White "Stefanova, Antoaneta"]
[Black "Stankovic, Marija"]
[Result "1-0"]
[WhiteElo "2495"]
[BlackElo "2275"]
[PlyCount "58"]
[EventDate "2002.08.??"]
[EventType "team-tourn"]
[EventRounds "9"]
[EventCountry "YUG"]
[SourceTitle "EXT 2003"]
[Source "ChessBase"]
[SourceDate "2002.11.25"]
[SourceVersion "1"]
[SourceVersionDate "2002.11.25"]
[SourceQuality "1"]

1. d4 Nf6 2. Bg5 Ne4 3. Bf4 c5 4. d5 Qb6 5. Bc1 e6 6. f3 Nf6 7. c4 d6 8. e4 Be7 9. Nc3 exd5 10. exd5 0-0 11. Bd3 Nbd7 12. f4 Re8 13. h3 g6 14. Nf3 Nf8 15. 0-0 Nh5 16. g4 Ng7 17. Qc2 f5 18. g5 a6 19. a4 Qc7 20. b3 Nh5 21. Kh2 Nd7 22. Nh4 Nf8 23. Bb2 Bd8 24. Be2 h6 25. Rae1 hxg5 26. fxg5 Qh7 27. Rg1 Ba5 28. Ref1 Ng7 29. Rf4 Re3 1-0

[Event "Belgrade (Women) 34th"]
[Site "Belgrade"]
[Date "2001.12.29"]
[Round "9"]
[White "Drljevic, Ljilja"]
[Black "Stankovic, Marija"]
[Result "0-1"]
[WhiteElo "2132"]
[BlackElo "2252"]
[PlyCount "44"]
[EventDate "2001.12.21"]
[EventType "tourn"]
[EventRounds "9"]
[EventCountry "YUG"]
[EventCategory "1"]
[SourceTitle "CBM 085 Extra"]
[Source "ChessBase"]
[SourceDate "2002.01.21"]
[SourceVersion "1"]
[SourceVersionDate "2002.01.21"]
[SourceQuality "1"]

1. e4 c5 2. d3 Nc6 3. Nf3 g6 4. g3 Bg7 5. Bg2 e5 6. 0-0 Nge7 7. c3 0-0 8. a3 d6 9. b4 cxb4 10. cxb4 a6 11. Bb2 d5 12. Nc3 d4 13. Ne2 b5 14. Rc1 a5 15. Rc5 axb4 16. axb4 Qb6 17. Qd2 Ra4 18. Rfc1 Bg4 19. Nxe5 Bxe5 20. Rxe5 Nxe5 21. Nxd4 Ra2 22. h3 Qxd4 0-1

[Event "Belgrade (Women) 34th"]
[Site "Belgrade"]
[Date "2001.12.28"]
[Round "8"]
[White "Stankovic, Marija"]
[Black "Chelushkina, Irina"]
[Result "1-0"]
[WhiteElo "2252"]
[BlackElo "2394"]
[PlyCount "155"]
[EventDate "2001.12.21"]
[EventType "tourn"]
[EventRounds "9"]
[EventCountry "YUG"]
[EventCategory "1"]
[SourceTitle "CBM 085 Extra"]
[Source "ChessBase"]
[SourceDate "2002.01.21"]
[SourceVersion "1"]
[SourceVersionDate "2002.01.21"]
[SourceQuality "1"]

1. e4 d5 2. exd5 Qxd5 3. Nc3 Qd8 4. d4 Nf6 5. Nf3 c6 6. Bc4 e6 7. 0-0 b5 8. Bb3 a5 9. a3 Nbd7 10. Re1 Be7 11. Qe2 a4 12. Ba2 Nb6 13. Ne5 Bd7 14. Bg5 Nbd5 15. Nxd5 Nxd5 16. Bxd5 cxd5 17. Bxe7 Qxe7 18. c3 0-0 19. Rad1 Ra6 20. f4 Rb6 21. Rd3 Be8 22. Re3 Qc7 23. Nd3 Bd7 24. Qh5 f5 25. Nc5 Rf6 26. Re5 Qc8 27. Qe2 Qd8 28. Qf3 Bc8 29. Kh1 h6 30. Qe3 Qf8 31. h3 Qf7 32. Kh2 Kh7 33. Rg1 h5 34. g3 Rh6 35. Rg2 Rd6 36. Kg1 Qf6 37. Qe2 Rb6 38. Qf2 Rg6 39. g4 hxg4 40. hxg4 Rxg4 41. Rxg4 fxg4 42. Rh5+ Kg8 43. Qh4 Qxh4 44. Rxh4 Kf7 45. Kf2 e5 46. fxe5 Bf5 47. Kg3 Rb8 48. Kf4 Kg6 49. Na6 Rf8 50. Nc7 Rf7 51. Nxd5 Be6+ 52. Ke4 Kg5 53. Rh2 g3 54. Rg2 Bf5+ 55. Ke3 Kg4 56. Nf4 Bc8 57. Ne2 Rf3+ 58. Ke4 Bf5+ 59. Kd5 Re3 60. Rxg3+ Rxg3 61. Nxg3 Kxg3 62. e6 Kf4 63. e7 Bd7 64. Kd6 Be8 65. Ke6 g5 66. d5 g4 67. d6 g3 68. d7 Bxd7+ 69. Kxd7 g2 70. e8Q g1Q 71. Qb8+ Ke4 72. Qxb5 Qd1+ 73. Kc6 Qc2 74. Kb6 Ke3 75. c4 Kd4 76. Qd5+ Ke3 77. Qe5+ Kf3 78. Qc3+ 1-0

[Event "Belgrade (Women) 34th"]
[Site "Belgrade"]
[Date "2001.12.21"]
[Round "1"]
[White "Stankovic, Marija"]
[Black "Calotescu, Ana Cristina"]
[Result "1/2-1/2"]
[WhiteElo "2252"]
[BlackElo "2296"]
[PlyCount "65"]
[EventDate "2001.12.21"]
[EventType "tourn"]
[EventRounds "9"]
[EventCountry "YUG"]
[EventCategory "1"]
[SourceTitle "CBM 085 Extra"]
[Source "ChessBase"]
[SourceDate "2002.01.21"]
[SourceVersion "1"]
[SourceVersionDate "2002.01.21"]
[SourceQuality "1"]

1. d4 Nf6 2. c4 g6 3. Nc3 Bg7 4. g3 d6 5. Bg2 0-0 6. Nf3 c5 7. d5 Na6 8. 0-0 Nc7 9. h3 Re8 10. e4 Rb8 11. a4 a6 12. Re1 b5 13. axb5 axb5 14. e5 Nd7 15. Bf4 dxe5 16. Nxe5 Nxe5 17. Bxe5 Bxe5 18. Rxe5 bxc4 19. Qe2 Qd6 20. Re1 Kf8 21. Qxc4 Rxb2 22. Qf4 Bf5 23. Be4 Bd7 24. Qh6+ Kg8 25. Rh5 Qf6 26. Qxh7+ Kf8 27. Qh6+ Qg7 28. Qh8+ Qxh8 29. Rxh8+ Kg7 30. Rxe8 Bxe8 31. Bg2 Kf8 32. Rc1 Rd2 33. Ne4 1/2-1/2

[Event "YUG Cup (Women)"]
[Site "Herceg Novi"]
[Date "2001.09.05"]
[Round "3"]
[White "Stankovic, Marija"]
[Black "Manakova, Maria"]
[Result "1-0"]
[WhiteElo "2259"]
[BlackElo "2353"]
[PlyCount "61"]
[EventDate "2001.09.03"]
[EventType "team-tourn"]
[EventRounds "5"]
[EventCountry "YUG"]
[SourceTitle "CBM 084 Extra"]
[Source "ChessBase"]
[SourceDate "2001.10.26"]
[SourceVersion "1"]
[SourceVersionDate "2001.10.26"]
[SourceQuality "1"]

1. e4 c5 2. Nf3 Nc6 3. d4 cxd4 4. Nxd4 Nf6 5. Nc3 e5 6. Ndb5 d6 7. Bg5 a6 8. Na3 b5 9. Nd5 Be7 10. Bxf6 Bxf6 11. c3 0-0 12. Nc2 Rb8 13. h4 a5 14. Qf3 Be7 15. Nce3 Be6 16. a3 Qd7 17. Bd3 Bd8 18. h5 h6 19. b4 Ne7 20. Nf5 Nxf5 21. exf5 e4 22. Bxe4 Bxd5 23. Bxd5 Re8+ 24. Kf1 Rc8 25. Rd1 Bf6 26. Rd3 axb4 27. axb4 Qa7 28. g3 Qa1+ 29. Kg2 Qb2 30. Bc6 Red8 31. Bxb5 1-0

[Event "YUG-chT (Women)"]
[Site "Herceg Novi"]
[Date "2001.05.??"]
[Round "6"]
[White "Petrovic, Marija"]
[Black "Stankovic, Marija"]
[Result "0-1"]
[WhiteElo "2210"]
[BlackElo "2225"]
[PlyCount "80"]
[EventDate "2001.05.??"]
[EventType "team-tourn"]
[EventRounds "11"]
[EventCountry "YUG"]
[SourceTitle "CBM 082 Extra"]
[Source "ChessBase"]
[SourceDate "2001.07.03"]
[SourceVersion "1"]
[SourceVersionDate "2001.07.03"]
[SourceQuality "1"]

1. d4 Nf6 2. Nf3 c5 3. e3 g6 4. dxc5 Qa5+ 5. Nbd2 Bg7 6. a3 Qxc5 7. b4 Qc7 8. Bb2 0-0 9. c4 b6 10. Be2 Bb7 11. Qb3 d6 12. 0-0 Nbd7 13. Rac1 Rac8 14. Rc2 Qb8 15. Rfc1 Qa8 16. Ne1 a6 17. Bf3 Rc7 18. h3 Rfc8 19. Bxb7 Qxb7 20. Nef3 Ne4 21. Bxg7 Kxg7 22. Nxe4 Qxe4 23. Ng5 Qf5 24. f4 h6 25. g4 Qf6 26. Ne4 Qe6 27. Qd3 Nf6 28. Ng3 b5 29. c5 h5 30. gxh5 Qxh3 31. Rg2 Nxh5 32. Qd4+ f6 33. Ne4 dxc5 34. Nxc5 Rd7 35. Qe4 Ng3 36. Qc2 Rxc5 37. bxc5 Qh1+ 38. Kf2 Rd2+ 39. Qxd2 Ne4+ 40. Kf3 Nxd2+ 0-1

[Event "YUG-chT (Women)"]
[Site "Herceg Novi"]
[Date "2001.05.??"]
[Round "3"]
[White "Stankovic, Marija"]
[Black "Maric, Mirjana"]
[Result "1-0"]
[WhiteElo "2225"]
[BlackElo "2333"]
[PlyCount "99"]
[EventDate "2001.05.??"]
[EventType "team-tourn"]
[EventRounds "11"]
[EventCountry "YUG"]
[SourceTitle "CBM 082 Extra"]
[Source "ChessBase"]
[SourceDate "2001.07.03"]
[SourceVersion "1"]
[SourceVersionDate "2001.07.03"]
[SourceQuality "1"]

1. e4 e5 2. Nf3 Nc6 3. d4 exd4 4. Nxd4 Bc5 5. Be3 Qf6 6. c3 Nge7 7. Qa4 Nxd4 8. cxd4 Bb6 9. Nc3 0-0 10. Be2 d6 11. g4 c5 12. 0-0-0 cxd4 13. Bxd4 Qf4+ 14. Kb1 Bc5 15. e5 Bxd4 16. Rxd4 Qxe5 17. f4 Qc5 18. Ne4 Qc7 19. Rc1 Nc6 20. Nxd6 Qe7 21. Rd2 Qe3 22. Rcd1 Rb8 23. f5 a6 24. Qc2 h6 25. a3 Ne5 26. Nc4 Nxc4 27. Bxc4 Qe7 28. Re2 Qf6 29. Qe4 b5 30. Bd5 Bd7 31. Qe7 Qxe7 32. Rxe7 Rbd8 33. Bb3 Bc6 34. Rxd8 Rxd8 35. Rxf7 Bd5 36. Bxd5 Rxd5 37. Ra7 h5 38. h3 hxg4 39. hxg4 Rd4 40. Rxa6 Rxg4 41. Rb6 Rf4 42. Rxb5 Kf7 43. Kc2 g6 44. fxg6+ Kxg6 45. Kc3 Kf6 46. Rd5 Ke6 47. Rd1 Rf3+ 48. Rd3 Rf2 49. b4 Ra2 50. Kc4 1-0

[Event "YUG-ch (Women) 54th"]
[Site "Herceg Novi"]
[Date "2001.04.01"]
[Round "9"]
[White "Prudnikova, Svetlana"]
[Black "Stankovic, Marija"]
[Result "1-0"]
[WhiteElo "2422"]
[BlackElo "2225"]
[PlyCount "67"]
[EventDate "2001.03.23"]
[EventType "tourn"]
[EventRounds "15"]
[EventCountry "YUG"]
[SourceTitle "CBM 081 Extra"]
[Source "ChessBase"]
[SourceDate "2001.05.06"]
[SourceVersion "1"]
[SourceVersionDate "2001.05.06"]
[SourceQuality "1"]

1. e4 c5 2. Nc3 Nc6 3. Bb5 Nd4 4. Bc4 e6 5. Nf3 Ne7 6. Nxd4 cxd4 7. Ne2 Nc6 8. 0-0 Be7 9. d3 0-0 10. f4 d5 11. exd5 exd5 12. Bb3 Bg4 13. a3 Qd7 14. h3 Bxe2 15. Qxe2 Rac8 16. Bd2 Rfd8 17. Qf3 a5 18. Kh1 b5 19. a4 Nb4 20. c3 dxc3 21. bxc3 Na6 22. axb5 Nc5 23. Bc2 Qxb5 24. Rfb1 Qa6 25. d4 Nb7 26. Qd3 Qxd3 27. Bxd3 Rb8 28. Rb5 g6 29. Rab1 Rd7 30. f5 g5 31. Bc2 Kg7 32. Be1 Bd6 33. Rxd5 Re8 34. Ba4 1-0

[Event "YUG-ch (Women) 54th"]
[Site "Herceg Novi"]
[Date "2001.03.31"]
[Round "8"]
[White "Stankovic, Marija"]
[Black "Chelushkina, Irina"]
[Result "1/2-1/2"]
[WhiteElo "2225"]
[BlackElo "2385"]
[PlyCount "152"]
[EventDate "2001.03.23"]
[EventType "tourn"]
[EventRounds "15"]
[EventCountry "YUG"]
[SourceTitle "CBM 081 Extra"]
[Source "ChessBase"]
[SourceDate "2001.05.06"]
[SourceVersion "1"]
[SourceVersionDate "2001.05.06"]
[SourceQuality "1"]

1. e4 d6 2. d4 Nf6 3. Nc3 c6 4. f4 Qa5 5. Bd3 e5 6. Nf3 Bg4 7. Be3 Nbd7 8. Qd2 Be7 9. 0-0 Bxf3 10. gxf3 exd4 11. Bxd4 d5 12. e5 Bc5 13. Bf5 Nh5 14. Bg4 g6 15. Kh1 Bxd4 16. Qxd4 Qb6 17. Qxb6 axb6 18. Bxh5 gxh5 19. Rg1 Ke7 20. Rg5 h4 21. Rh5 Ke6 22. a3 Nf8 23. Rg1 Rd8 24. Rg7 h6 25. Rg4 h3 26. Rxh3 Ng6 27. Ne2 d4 28. f5+ Kxf5 29. Rh5+ Ke6 30. Nxd4+ Ke7 31. Nf5+ Kf8 32. Nxh6 Rd1+ 33. Kg2 Nxe5 34. Rxe5 Rd2+ 35. Kg3 Rxh6 36. h4 Rxc2 37. Rb4 b5 38. b3 Rg6+ 39. Rg5 Rh6 40. a4 bxa4 41. bxa4 Rf6 42. f4 Rc1 43. a5 Rg1+ 44. Kf3 Rf1+ 45. Kg4 Rg1+ 46. Kh5 Rh1 47. Re5 Kg7 48. Rg5+ Kf8 49. Re5 Kg7 50. Kg4 Rg6+ 51. Rg5 Ra1 52. Rxb7 Rxa5 53. f5 Rxg5+ 54. hxg5 Kg8 55. Kf4 Kf8 56. Rb8+ Ke7 57. f6+ Kd7 58. Rf8 Ra4+ 59. Kf5 Ra5+ 60. Kg4 Ra4+ 61. Kh5 Ke6 62. Kh6 Rg4 63. Rc8 Kd7 64. Rf8 Ke6 65. Re8+ Kf5 66. Kg7 Rxg5+ 67. Kxf7 Rg1 68. Re2 Ra1 69. Rf2+ Ke4 70. Kg6 Rg1+ 71. Kh7 Rh1+ 72. Kg7 Rg1+ 73. Kf8 Ra1 74. f7 c5 75. Kg7 Ra7 76. Rd2 c4 1/2-1/2

[Event "YUG-ch (Women) 54th"]
[Site "Herceg Novi"]
[Date "2001.03.29"]
[Round "6"]
[White "Stankovic, Marija"]
[Black "Urosevic, Marija"]
[Result "1-0"]
[WhiteElo "2225"]
[BlackElo "2069"]
[PlyCount "65"]
[EventDate "2001.03.23"]
[EventType "tourn"]
[EventRounds "15"]
[EventCountry "YUG"]
[SourceTitle "CBM 081 Extra"]
[Source "ChessBase"]
[SourceDate "2001.05.06"]
[SourceVersion "1"]
[SourceVersionDate "2001.05.06"]
[SourceQuality "1"]

1. e4 c5 2. Nf3 e6 3. d4 cxd4 4. Nxd4 Nc6 5. Nc3 Qc7 6. Be2 a6 7. 0-0 Nf6 8. Kh1 Nxd4 9. Qxd4 Bc5 10. Qd3 b5 11. f4 Bb7 12. Bf3 h5 13. e5 Ng4 14. Bxb7 Qxb7 15. Ne4 Be7 16. Bd2 Rc8 17. a3 Qc6 18. Bb4 Bxb4 19. axb4 Qxc2 20. Nd6+ Kf8 21. Qd4 Rc6 22. f5 exf5 23. Rxf5 Nh6 24. Rf2 Qc1+ 25. Rf1 Qg5 26. Nxf7 Nxf7 27. Qxd7 Qe7 28. Qxc6 Rh6 29. Qc8+ Qe8 30. Rxf7+ Kxf7 31. Rf1+ Ke7 32. Qc7+ Qd7 33. Rf7+ 1-0

[Event "YUG-ch (Women) 54th"]
[Site "Herceg Novi"]
[Date "2001.03.27"]
[Round "5"]
[White "Maksimovic, Suzana"]
[Black "Stankovic, Marija"]
[Result "1/2-1/2"]
[WhiteElo "2315"]
[BlackElo "2225"]
[PlyCount "30"]
[EventDate "2001.03.23"]
[EventType "tourn"]
[EventRounds "15"]
[EventCountry "YUG"]
[SourceTitle "CBM 081 Extra"]
[Source "ChessBase"]
[SourceDate "2001.05.06"]
[SourceVersion "1"]
[SourceVersionDate "2001.05.06"]
[SourceQuality "1"]

1. d4 Nf6 2. c4 g6 3. Nc3 Bg7 4. e4 0-0 5. Bd3 Nc6 6. Nge2 e5 7. d5 Nd4 8. 0-0 c5 9. h3 d6 10. f4 Nh5 11. f5 Qh4 12. Bd2 Ng3 13. Qe1 Bh6 14. Nxg3 Bxd2 15. Qxd2 Qxg3 1/2-1/2

[Event "YUG-chT (Women)"]
[Site "Kragujevac"]
[Date "2000.12.20"]
[Round "10"]
[White "Stankovic, Marija"]
[Black "Miloradovic, Jelena"]
[Result "1/2-1/2"]
[WhiteElo "2239"]
[BlackElo "2175"]
[PlyCount "20"]
[EventDate "2000.12.11"]
[EventType "team-tourn"]
[EventRounds "11"]
[EventCountry "YUG"]
[SourceTitle "CBM 079 Extra"]
[Source "ChessBase"]
[SourceDate "2001.01.11"]
[SourceVersion "2"]
[SourceVersionDate "2001.01.25"]
[SourceQuality "1"]

1. e4 e6 2. d4 d5 3. exd5 exd5 4. Bd3 Bd6 5. Ne2 Ne7 6. 0-0 0-0 7. c4 c6 8. Nbc3 Nd7 9. cxd5 Nxd5 10. Nxd5 cxd5 1/2-1/2

[Event "YUG-chT (Women)"]
[Site "Kragujevac"]
[Date "2000.12.18"]
[Round "8"]
[White "Stankovic, Marija"]
[Black "Maric, Mirjana"]
[Result "1/2-1/2"]
[WhiteElo "2239"]
[BlackElo "2333"]
[PlyCount "26"]
[EventDate "2000.12.11"]
[EventType "team-tourn"]
[EventRounds "11"]
[EventCountry "YUG"]
[SourceTitle "CBM 079 Extra"]
[Source "ChessBase"]
[SourceDate "2001.01.11"]
[SourceVersion "2"]
[SourceVersionDate "2001.01.25"]
[SourceQuality "1"]

1. e4 e5 2. Nf3 Nc6 3. d4 exd4 4. Nxd4 Bc5 5. Nxc6 Qf6 6. f4 Qxc6 7. Nc3 Nf6 8. Bb5 Qe6 9. f5 Qe5 10. Bd3 d5 11. Qe2 dxe4 12. Nxe4 Nxe4 13. Qxe4 Qxe4+ 1/2-1/2

[Event "YUG-chT (Women)"]
[Site "Kragujevac"]
[Date "2000.12.16"]
[Round "6"]
[White "Stankovic, Marija"]
[Black "Stepovaia, Tatiana"]
[Result "1/2-1/2"]
[WhiteElo "2239"]
[BlackElo "2414"]
[PlyCount "100"]
[EventDate "2000.12.11"]
[EventType "team-tourn"]
[EventRounds "11"]
[EventCountry "YUG"]
[SourceTitle "CBM 079 Extra"]
[Source "ChessBase"]
[SourceDate "2001.01.11"]
[SourceVersion "2"]
[SourceVersionDate "2001.01.25"]
[SourceQuality "1"]

1. e4 c5 2. Nf3 e6 3. d4 cxd4 4. Nxd4 Nc6 5. Nc3 Qc7 6. Be2 a6 7. 0-0 Nf6 8. Be3 Bb4 9. Na4 Bd6 10. g3 Nxd4 11. Qxd4 Be5 12. Qb4 b5 13. Nc5 Rb8 14. Bf3 a5 15. Qd2 d6 16. Nd3 Bb7 17. Ba7 Ra8 18. Qe3 0-0 19. Bb6 Qc6 20. Rfe1 Nd7 21. Bd4 Bxd4 22. Qxd4 e5 23. Qe3 f5 24. Bg2 fxe4 25. Bxe4 d5 26. Bg2 e4 27. Nf4 Nf6 28. c3 Rae8 29. Rad1 Re5 30. Bh3 g5 31. Nd3 Re7 32. Nc5 h6 33. Nxb7 Rxb7 34. Bf5 Rg7 35. Qd4 Re7 36. f3 Rfe8 37. Bg6 Rf8 38. fxe4 dxe4 39. Qd6 Qxd6 40. Rxd6 Kg7 41. Bf5 Re5 42. g4 Rf7 43. Re6 Rxe6 44. Bxe6 Re7 45. Bf5 Rc7 46. Kf2 b4 47. Rc1 Rc4 48. Be6 Rc6 49. Bf5 Rc4 50. Be6 Rc6 1/2-1/2

[Event "Serbia-ch (Women)"]
[Site "Kragujevac"]
[Date "2000.??.??"]
[Round "6"]
[White "Stankovic, Marija"]
[Black "Babic, Marijana"]
[Result "0-1"]
[WhiteElo "2207"]
[BlackElo "2141"]
[PlyCount "72"]
[EventDate "2000.02.19"]
[EventType "swiss"]
[EventRounds "9"]
[EventCountry "YUG"]
[SourceTitle "EXT 2001"]
[Source "ChessBase"]
[SourceDate "2000.11.22"]
[SourceVersion "1"]
[SourceVersionDate "2000.11.22"]
[SourceQuality "1"]

1. e4 e5 2. Nf3 Nc6 3. Bb5 a6 4. Ba4 Nf6 5. 0-0 Be7 6. Bxc6 dxc6 7. d3 Nd7 8. Nbd2 0-0 9. Nc4 f6 10. Nh4 Re8 11. Nf5 Bf8 12. f4 b5 13. Na5 Nb8 14. fxe5 fxe5 15. Be3 c5 16. Qf3 c6 17. Nb3 Bxf5 18. Qxf5 Nd7 19. Rf3 Qe7 20. Raf1 Qe6 21. Qh5 Nf6 22. Qh4 c4 23. dxc4 Qxc4 24. Nd2 Qe6 25. Rg3 Kh8 26. Rh3 Qg8 27. Bg5 Be7 28. Nf3 Bc5+ 29. Kh1 Re6 30. Rd1 Rae8 31. a3 h6 32. Rf1 Qh7 33. Bd2 Qxe4 34. Qg3 Qxc2 35. Rc1 Qxb2 36. Rxc5 Ne4 0-1

[Event "Serbia-ch (Women)"]
[Site "Kragujevac"]
[Date "2000.??.??"]
[Round "2"]
[White "Stankovic, Marija"]
[Black "Von Wantoch Rekowski, Danijela"]
[Result "1-0"]
[WhiteElo "2207"]
[BlackElo "2081"]
[PlyCount "56"]
[EventDate "2000.02.19"]
[EventType "swiss"]
[EventRounds "9"]
[EventCountry "YUG"]
[SourceTitle "EXT 2001"]
[Source "ChessBase"]
[SourceDate "2000.11.22"]
[SourceVersion "1"]
[SourceVersionDate "2000.11.22"]
[SourceQuality "1"]

1. e4 c5 2. Nf3 d6 3. d4 cxd4 4. Nxd4 Nf6 5. Nc3 a6 6. Be3 e5 7. Nb3 Be6 8. f3 Nbd7 9. g4 Nb6 10. Qd2 Be7 11. 0-0-0 Nfd7 12. Nd5 Bxd5 13. exd5 Nf6 14. Qa5 Nfd7 15. Kb1 Rc8 16. Qd2 Qc7 17. g5 Nc4 18. Bxc4 Qxc4 19. Rhg1 Bd8 20. Rg4 Qc7 21. c4 b6 22. Rdg1 f5 23. gxf6 Bxf6 24. h4 Kf7 25. Qg2 Rhg8 26. Bh6 e4 27. Bxg7 Ne5 28. f4 Ng6 1-0

[Event "YUG-ch (Women)"]
[Site "Belgrade"]
[Date "1999.10.31"]
[Round "13"]
[White "Zivkovic, Vesna"]
[Black "Stankovic, Marija"]
[Result "1-0"]
[WhiteElo "2174"]
[BlackElo "2189"]
[PlyCount "61"]
[EventDate "1999.10.18"]
[EventType "tourn"]
[EventRounds "13"]
[EventCountry "YUG"]
[EventCategory "1"]
[SourceTitle "CBM 073 Extra"]
[Source "ChessBase"]
[SourceDate "2000.01.11"]
[SourceVersion "1"]
[SourceVersionDate "2000.01.11"]
[SourceQuality "1"]

1. d4 c5 2. Nf3 Nf6 3. c3 b6 4. Bf4 g6 5. e3 Bg7 6. Nbd2 0-0 7. Be2 Bb7 8. 0-0 d6 9. h3 h6 10. Qc2 Nc6 11. Rac1 Re8 12. Rfd1 Rc8 13. Qb1 Qc7 14. Bh2 Red8 15. a4 a6 16. b4 cxb4 17. cxb4 Qb8 18. Bc4 Qa8 19. Nh4 e6 20. Bd3 d5 21. Nhf3 g5 22. b5 Na5 23. Bc7 Rd7 24. Bxb6 Nc4 25. Bc5 axb5 26. axb5 Nd6 27. Ne5 Rdd8 28. Qb4 Nde4 29. Nxe4 Nxe4 30. Bxe4 dxe4 31. Nc4 1-0